| 000 | 00593nam a2200277Ia 4500 | ||
|---|---|---|---|
| 005 | 20260401122458.0 | ||
| 008 | 008 250103s9999 xx 000 0 eng d | ||
| 020 | _a9780198715573 | ||
| 037 | _aTB | ||
| 040 | _aEDL | ||
| 040 | _beng | ||
| 040 | _cEDL | ||
| 041 | _2eng | ||
| 041 | _aeng | ||
| 084 | _a821.3SHA | ||
| 084 | _qEDL | ||
| 245 | 4 | _aThe Oxford handbook of John Donne | |
| 260 | _aOxford | ||
| 260 | _bOxford university Press | ||
| 260 | _c2011 | ||
| 300 | _a845p | ||
| 942 | _cTB | ||
| 942 | _h821.3SHA | ||
| 999 |
_c1847551 _d1847551 |
||